000
00276nam a2200109Ia 4500
008
240731s9999 xx 000 0 und d
245
0
_a
Central States Speech Journal
260
_b
Routledge
856
_u
https://www.tandfonline.com/loi/rcst19
942
_2
ddc
942
_c
TFEJ
999
_c
75801
_d
75801
945
_a
1
_b
Madushi Gamage
_c
1
_d
Madushi Gamage